|
|
|
|
| LEADER |
00000nam a22000007a 4500 |
| 005 |
2012032302352.0 |
| 007 |
cr|||| |||| |
| 008 |
120323s2010 co |||||s|||| 00||0 spa d |
| 020 |
|
|
|a 978-658-648-705-4
|
| 035 |
|
|
|a 6258
|
| 040 |
|
|
|a vLex
|
| 090 |
|
|
|c 3082
|d 3082
|
| 100 |
1 |
|
|a Martn̕ez Herrera, Horacio
|
| 245 |
1 |
0 |
|a Responsabilidad Social y Ética Empresarial
|h [Recurso electrn̤ico] /
|c Horacio Martn̕ez Herrera
|
| 256 |
|
|
|a Servicio en ln̕ea
|
| 260 |
|
|
|a Bogot ̀:
|b Ecoe ediciones,
|c 2010
|
| 300 |
|
|
|a 1 recurso electrn̤ico
|
| 490 |
0 |
|
|a Ciencias administrativas. Administracin̤
|
| 500 |
|
|
|a Este libro presenta desde una perspectiva ťica la responsabilidad social empresarial y la defien de la siguiente forma: es el compromiso auditable de las empresas con los valores ťicos que dan un sentido humano a su empeǫ por el desarrollo sostenible, buscando uan estrategia de negocios que integre el crecimiento econm̤ico con el bienestar social y la proteccin̤ ambiental.
|
| 506 |
1 |
|
|a Contenido solo disponible en los productos indicados
|d vLex Global
|d vLex Global (Academic Edition, excluding Law Schools)
|d vLex Global (U.S. Academic Edition, Law Schools)
|d vLex Global (U.S. Academic Edition, excluding Law Schools)
|d vLex Global (Academic Edition, Law Schools)
|
| 650 |
0 |
4 |
|a Empresas
|b Responsabilidad social
|z Colombia
|
| 650 |
0 |
4 |
|a Ética empresarial
|z Colombia
|
| 740 |
0 |
|
|a vLex Libros (Servicio en ln̕ea)
|
| 856 |
4 |
0 |
|u http://vlex.com/source/responsabilidad-social-etica-empresarial-6258
|z Acceso restringido
|
| 942 |
|
|
|c BOOK
|
| 999 |
0 |
|
|a Business ethics
|
| 999 |
0 |
|
|a Social responsibility of business
|